Нощта на бухала (Запис номер 195917)
[ съкратено ]
| 000 -Лидер | |
|---|---|
| Контролно поле с фиксирана дължина | 01532nam a2200373 c 4500 |
| 003 - Код на организацията, давaща контролен номер | |
| Контролно поле | BLK |
| 005 - Дата и час на последна редакция | |
| Контролно поле | 20250723141452.0 |
| 008 - Елементи от данни с фиксирана дължина | |
| fixed length control field | 180411b bul|||||r ||||||| ||bul|| |
| 010 ## - Наследен системен номер | |
| LC control number | KNG00205172000 |
| 020 ## - Международен стандартен номер на книга ISBN | |
| Международен стандартен номер на книга ISBN | 978-954-585-560-6 |
| -- | издат.: Бард - (грешен) |
| 040 ## - Източник на каталожния запис | |
| Идентификатор на билиотеката - собственик на записа | BLK |
| 041 ## - Код за език | |
| Код за езика на текст/звукозапис или на отделно заглавие | Български |
| Код за езика КДБФ | Български |
| 072 #7 - Код за тематичната категория | |
| Код организация | bullib |
| Код за тематична категория | Н83 |
| Текст | Чужда художествена литература Н |
| 080 ## - УДК | |
| Текстов определител УДК | Американска литература (на САЩ) |
| УДК код - определител по УДК | 821.111(73) |
| УДК определител | -312.4 |
| УДК - код + определител | 821.111(73)-312.4 |
| 100 1# - Редна дума - Автор | |
| Автор | Кларк, Мери Хигинс |
| Авторска отговорност | първи автор |
| R(LIN) | 371250 |
| 139 ## - Редно поле | |
| Редна дума | Кларк, Мери Хигинс |
| Авторски знак | Кла - К 63 |
| 245 10 - Сведения за заглавието | |
| Заглавие | Нощта на бухала |
| Подзаглавни данни | Роман |
| Редно поле (дума) | Мери Хигинс Кларк; прев. от англ. Таня Виронова. |
| 250 ## - Област на изданието | |
| Сведения за изданието | [2. изд.] |
| 257 ## - Страна на издаване | |
| Страна на създаване/издаване | Съединени американски щати |
| 260 ## - Област на издателските данни | |
| -- | София |
| Име на издателя, разпространителя и проч. | Бард |
| Година на издаване | 2017 |
| Печатница | София : Алианс принт |
| 300 ## - Физическа характеристика | |
| Страници | 352 с. |
| Размери/Мащаб | 20 см |
| 380 ## - Жанр | |
| Жанр | Худож. лит. |
| 500 ## - Общи забележки | |
| Забележка | 1. изд. 2004. - Ориг. загл. Nighttime Is My Time / Mary Higgins Klark. - Прев. известна като Татяна Виронова. |
| 653 ## - Ключова дума – ненормативна | |
| Ключова дума | крими |
| 653 ## - Ключова дума – ненормативна | |
| Ключова дума | романи |
| 659 ## - Тематичен бюлетин | |
| Тематичен бюлетин | Н |
| 700 1# - Други автори (авторска отговорност) | |
| Лично име | Виронова, Татяна Атанасова |
| 9 (RLIN) | 365852 |
| 852 ## - Местоположение | |
| Форматна сигнатура | Цб 285208 |
| 856 4# - Електронен адрес и достъп | |
| Електронен формат | pdf - файл |
| Път до файла /url/ | |
| 856 4# - Електронен адрес и достъп | |
| Електронен формат | pdf - файл |
| Път до файла /url/ | |
| 942 ## - АРТИКУЛИ | |
| Вид на библиотечния материал | Книги |
| Скрит в OPAC | Не |
| Koha issues (borrowed), all copies | 112 |
| 944 ## - СЪЗДАВАНЕ И РЕДАКЦИЯ на ЗАПИСА | |
| Създаване/Редакция | Създаване |
| Дата на регистрацията/редакция | 19.04.2017 |
| Статус, дата на статуса | Мартин Енчев |
| Служител, извършил регистрацията/редакцията | 30575 |
| 944 ## - СЪЗДАВАНЕ И РЕДАКЦИЯ на ЗАПИСА | |
| Създаване/Редакция | Редакция |
| Дата на регистрацията/редакция | 28.04.2017 |
| Статус, дата на статуса | ф / |
| Служител, извършил регистрацията/редакцията | Людмила_Стоянова |
| 999 ## - СИСТЕМНИ КОНТРОЛНИ НОМЕРА | |
| Koha biblionumber | 195917 |
| Koha biblioitemnumber | 195917 |
| Код за отписване | Код за изгубен артикул | Източник на класификационната схема | Код за повреда | Коз за рестрикции | Код за отдаване | Артикулен № | Име на библиотеката - собственик | Име на библиотеката, в която се намира в момента | Статус (Текущо местоположение) | Дата на вписване в системата | Местоположение - отдел | Цена в лева | Инвентарен номер | Систематично азбучна сигнатура | Баркод | Номер на екземпляра | Цена в евро | Служебна бележка | Служебен тип на артикула |
|---|---|---|---|---|---|---|---|---|---|---|---|---|---|---|---|---|---|---|---|
| Не е изгубен | Universal Decimal Classification | Не е повреден | без рестрикции | заемане за дома | 341898 | Регионална библиотека "Любен Каравелов" Русе | Регионална библиотека "Любен Каравелов" Русе | Заемна - подръчен фонд | 2017-04-22 | Заемна - подръчен фонд | 16.99 | 120000810156 | П 820(73)-31/К 63 | 120000810156 | 1 | 8.69 | Дост: Pk Вид: Ф N: 487 Дата: 13.04.2017 | Книги | |
| Не е изгубен | Universal Decimal Classification | Не е повреден | без рестрикции | заемане за дома | 686719 | Регионална библиотека "Любен Каравелов" Русе | Регионална библиотека "Любен Каравелов" Русе | Заемна - подръчен фонд | 2018-12-13 | Заемна - подръчен фонд | 16.99 | 120000828524 | П 820(73)-31/К 63 | 120000828524 | 8.69 | Книги |